00557nam a2200181 a 450000500170000000800410001702000150005805000250007310000180009824500670011626000460018330000290022952100080025865000220026665000520028870000180034070000170035820140310183440.0080425s19uu xx 00 eng d a1412923156 aRJ 506.A9b.P57 2007 aPlimley, Lynn aAutistic spectrum disorders in the early years /cLynn Plimley aLondon :bPaul Chapman Publishing,c2007. a100 p. :bill. ;c24 cm. aEDU aAutistic children aAutistic childrenxServices forxGreat Britain. aBowen, Maggie aMorgan, Hugh